Alles mit A - Geografie - Statistiken

Allgemein
  • Dieses Quiz wurde 437 mal gespielt
  • Das Durchschnittsergebnis liegt bei 23 aus 46
Antwortstatistiken
% Korrekt
Armenien
90%
Albanien
88%
Andorra
87%
Aserbaidschan
87%
Australien
87%
Argentinien
83%
Alpen
82%
Augsburg
82%
Algerien
78%
Angola
78%
Aachen
77%
Anden
76%
Antigua und Barbuda
76%
Afghanistan
75%
Ägypten
74%
Äthiopien
67%
Ankara
60%
Amsterdam
58%
Äquatorialguinea
57%
Athen
53%
Algier
51%
Aalen
47%
Ahlen
47%
Atlantik
46%
Aschaffenburg
45%
Andorra la Vella
44%
Aralsee
41%
Addis Abeba
39%
Astana
38%
Asuncion
38%
Accra
37%
Antananarivo
37%
Amazonas
36%
Amman
35%
Atlasgebirge
30%
Abuja
29%
Abu Dhabi
27%
Asgabat
24%
Asmara
23%
Apia
20%
Apennin
17%
Arnsberg
17%
Ardennen
12%
Altai
11%
Amur
10%
Arkansas River
1%
Keine übereinstimmenden Quizze gefunden
Verteilung der Resultate
Anzahl Personen mit jedem Resultat
Perzentil nach korrekt beantworteten Fragen
Ihre Resultats-Entwicklung
Sie haben dieses Quiz noch nicht gespielt